El hombre que no quería ser gangster / (Record no. 87924)

MARC details
000 -LEADER
campo de control de longitud fija 00647nam a2200217 i 4500
001 - NÚMERO DE CONTROL
campo de control 87924
003 - IDENTIFICADOR DE NÚMERO DE CONTROL
campo de control ES-MaACL
005 - FECHA Y HORA DE LA ÚLTIMA TRANSACCIÓN
campo de control 20230906175752.0
007 - CAMPO FIJO DE DESCRIPCIÓN FÍSICA--INFORMACIÓN GENERAL
campo de control de longitud fija t|
008 - DATOS DE LONGITUD FIJA--INFORMACIÓN GENERAL
campo de control de longitud fija 041228s1956 sp ||||1| spa d
100 1# - ENTRADA PRINCIPAL--NOMBRE DE PERSONA
Nombre de persona Lacroix, Jean.
9 (RLIN) 69405
245 13 - MENCIÓN DEL TÍTULO
Título El hombre que no quería ser gangster /
Mención de responsabilidad, etc. Jean Lacroix ; [versión española de Miguel de Salabert].
250 ## - MENCION DE EDICION
Mención de edición [1ª ed.].
260 ## - PUBLICACIÓN, DISTRIBUCIÓN, ETC.
Lugar de publicación, distribución, etc. Madrid :
Nombre del editor, distribuidor, etc. Taurus,
Fecha de publicación, distribución, etc. [1956]
300 ## - DESCRIPCIÓN FÍSICA
Extensión 189 p. ;
Dimensiones 19 cm.
490 1# - MENCIÓN DE SERIE
Mención de serie El club de la sonrisa
700 1# - ENTRADA AGREGADA--NOMBRE PERSONAL
Nombre de persona Salabert, Miguel.
9 (RLIN) 101686
830 0# - PUNTO DE ACCESO ADICIONAL DE SERIE-TÍTULO UNIFORME
Título uniforme El club de la sonrisa
9 (RLIN) 181145
852 ## - LOCALIZACIÓN
Ubicación ES-MaACL
Número de control de estantería C-11048
Sublocalización o colección R.38529
Holdings
Estatus retirado Estado de pérdida Estado de daño No para préstamo Biblioteca de origen Biblioteca actual Ubicación en estantería Fecha de adquisición Fuente de adquisición Total de préstamos Signatura topográfica completa Código de barras Visto por última vez Precio de reemplazo Tipo de ítem Koha
        Biblioteca del Ateneo de Madrid Biblioteca del Ateneo de Madrid Sala Palomar 17/01/2008     C-11048 1091848 23/02/2023 23/02/2023 Libro impreso